Представление документа в формате RUSMARC

ПолеНазваниеЗначение
  Тип записи a
  Библиографический уровень m
001 Контрольный номер RU/IS/BASE/590687057
005 Дата корректировки 20240207193816.3
010 Индекс ISBN __
b Уточнения в пер.
d Цена 0 р. 31 к.
9 Тираж 100000 экз.
100 Данные общей обработки __
a Данные общей обработки 20180919d2018 ||| 0rusy0189 ca
101 Язык документа 0_
a Язык текста rus
102 Страна публикации __
a Страна публикации RU
105 Кодированные данные (монография) __
a Кодированные данные (монография) y###||||000|y
200 Заглавие и сведения об ответственности 1_
a Заглавие "Ти-Ви"
b Общее обозначение материала Текст
e Сведения, относящиеся к заглавию (рассказы о телевидении)
f Первые сведения об ответственности В. Г. Попов
f Первые сведения об ответственности рис.: М. Беломлинского, В. Прошкина
205 Сведения об издании __
a Основные сведения об издании Изд. 2-е
210 Выходные данные 1_
a Место издания Ленинград
c Издательство Детская литература
d Дата издания 1975
215 Физическое описание __
a Объем 112 с.
c Иллюстрации/тип воспроизводства ил.
606 Тематические рубрики 1_
a Основная рубрика Телевидение - Телевизионные передачи
608 Указатель предметных рубрик __
a Жанр/форма рассказ
610 Ключевые слова 1_
a Ключевые слова телевидение
a Ключевые слова телепередачи
a Ключевые слова телепередачи познавательные
a Ключевые слова передачи телевизионные
a Ключевые слова рассказы о профессиях
a Ключевые слова телестудии
a Ключевые слова рассказы о школьниках
a Ключевые слова рассказы о мальчиках
a Ключевые слова дикторы телевизионные
a Ключевые слова рассказы о телевидении
a Ключевые слова телевидение СССР
686 Индексы других классификаций __
a Классификационный индекс 32.94
2 Код системы rubbk
700 Автор _1
a Фамилия Попов
b Имя (инициалы) Валерий Георгиевич
g Полное личное имя В. Г.
801 Источник записи _0
a Страна RU
b Организация Ульяновская ОБДЮ
c Дата составления 20180919
g Правила каталогизации RCR
801 Источник записи _1
a Страна RU
b Организация Ульяновская ОБДЮ
c Дата составления 20180919
g Правила каталогизации RCR
852 Данные о местонахождении __
a Наименование организации Ульяновская ОБДЮ
i Авторский знак П 58
j Шифр хранения 32.94
901 Тип документа __
t Тип документа m
909 Создатель записи __
a Создатель записи Кузина Е.А
910 Корректоры записи __
a Корректор записи Кузина Е.А
919 __
a Кузина Е.А
c Кузина Е.А
938 Служебная информация __
a Имя БД MarkBase